00324nam a2200109Ia 4500008004100000100003100041245001500072260000900087300003000096440002400126650006400150180117s9999 xx 000 0 und d aby Luisito Batongbakal, Jr aFilipiknow c2017 a20-22 pages, 2017 June 18 aPhilippine Panorama a5 FASCINATING FACTS ABOUT THE UNIVERSITY OF THE PHILIPPINES